GEF and the convention on biological diversity (Registro nro. 3947)

Detalles MARC
000 -CABECERA
Campo de control 00611nam a2200205 a 4500
005 - FECHA Y HORA DE LA ULTIMA TRANSACCION
Campo de control 20160218150334.0
008 - ELEMENTOS DE LONGITUD FIJA—INFORMACION GENERAL
Campo de control 140312b2004 wau||||| |||| 00| 0 eng d
040 ## - FUENTE DE CATALOGACIÓN
Agencia catalogadora original CO-BoIAVH
Agencia transcriptora CO-BoIAVH
041 ## - IDIOMA
Código de idioma para texto/pista de sonido o título separado Inglés
044 ## - PAÍS DE PUBLICACIÓN
País de publicación Estados Unidos
082 04 - NUMERO DE CLASIFICACION DECIMAL DEWEY
Número de clasificación 333.952
Número del ítem G29g
100 1# - ASIENTO PRINCIPAL--NOMBRE PERSONAL
Nombre personal Geer, Shirley
9 (RLIN) 21111
245 1# - MENCION DE TITULO
Título GEF and the convention on biological diversity
Parte restante del título a strong partnership with solid results
260 ## - PUBLICACION, DISTRIBUCION, ETC. (PIE DE IMPRENTA)
Lugar de publicación, distribución, etc. Washington
Nombre del editor, distribuidor, etc. GEF
Fecha de publicación, distribución, etc. 2004
300 ## - DESCRIPCION FISICA
Extensión 56 paginas.
Otros detalles físicos ilustraciones. ;
Dimensiones 28 x 21 cm
650 #6 - ASIENTO SECUNDARIO DE MATERIA - TERMINO TEMATICO
Término temático o nombre geográfico como elemento de entrada Diversidad biologica
9 (RLIN) 61006
650 #6 - ASIENTO SECUNDARIO DE MATERIA - TERMINO TEMATICO
Término temático o nombre geográfico como elemento de entrada Patentes
9 (RLIN) 61007
942 ## - ELEMENTOS ADICIONALES (KOHA)
Tipo de ítem Libro
Sistema de clasificación Dewey Decimal Classification
945 ## - PROCESAMIENTO LOCAL
AAAA-MM-DD - Fecha de ingreso o modificacion 2004-07-01
Existencias
Withdrawn status Lost status Sistema de Clasificación Damaged status No para préstamo Colección Inventariado Ubicación Permanente Ubicación actual Fecha de adquisición Total Checkouts Número topográfico Inventario / Código de Barras Date last seen Ejemplar Price effective from Forma de adquisición Tipo de material
    Dewey Decimal Classification     General Inventariado 2017 Bogotá Bogotá 01/07/2004   LB-333.952 G29g 016275 04/12/2012 Ej. 1 04/12/2012   Libro
    Dewey Decimal Classification     General Inventariado 2017 Sala Fabio Quevedo Sala Fabio Quevedo 02/07/2004   LB-333.952 G29g 016325 04/12/2012 Ej. 2 04/12/2012 Donación Libro